00504nam a2200193 a 4500001001300000003000900013005001700022008004100039020001000080082001300090100001600103245006600119260002800185300000900213500003500222505001900257650001800276700001600294nice12345678IN_TiNIC20260116011822.0050524s1932 egya grp 000 0 ara  ac10000a244bMAS aMason, Dora aMisbahul Anwar Fi Lalim-Il Saghar, Bible Stories for Children aEgyptbNile Pressc1932 a131p aincludes index and biblioraphy2 aReserve copies aBible Stories1 aMason, Dora